Miasta w Kirgistanie - nagła śmierć - Statystyki

Ogólne statystyki
  • Ten quiz został rozwiązany 21 razy
  • Średni wynik to 5 z 9
Answers on the Grid
Answers color-coded by a green-red scale on the quiz's grid according to % correct below.
Guwahati
Pokhara
Turkmenbaszy
Krasnojarsk
Ałmaty
Taszkent
Bałykczy
Biszkek
Dżalalabad
Karakoł
Naryn
Osz
Tokmok
Toktoguł
Uzgen
 
Statystyki odpowiedzi
Odpowiedź % Poprawnych
Biszkek
100%
Osz
71%
Karakoł
65%
Bałykczy
53%
Tokmok
53%
Uzgen
53%
Naryn
47%
Toktoguł
47%
Dżalalabad
24%
Nie znaleziono quizów pasujących do podanych kryteriów
Rozkład punktacji
Procent ludzi z każdym wynikiem
Percentyl według liczby udzielonych odpowiedzi
Twoja historia wyników
Nie rozwiązałeś tego quizu